| 000 | 01084cam a2200265 a 4500 | ||
|---|---|---|---|
| 003 | EG-GiCUC | ||
| 005 | 20250223032441.0 | ||
| 008 | 191118s1997 ua d f m 000 0 eng d | ||
| 040 |
_aEG-GiCUC _beng _cEG-GiCUC |
||
| 041 | 0 | _aeng | |
| 049 | _aDeposite | ||
| 097 | _aPh.D | ||
| 099 | _aCai01.12.20.Ph.D.1997.En.E | ||
| 100 | 0 | _aEnas Hassan Elkhawas | |
| 245 | 1 | 0 |
_aEffect of diamagnetic ion on the electrical magnetic properties of MxZn₁₋x Fe₂O₄ (M=Co, Mn and Ni) / _cEnas Hassan Elkhawas ; Supervised M. M. Saad Eldin |
| 246 | 1 | 5 | _a Mx Zn₁₋xFe₂O₄ (M=Co, Mn and Ni)تأثير الأيون الدايامغناطيسى على الخواص الكهربية والمغناطسية للمركب |
| 260 |
_aCairo : _bEnas Hassan Elkhawas , _c1997 |
||
| 300 |
_a118 P. : _bcharts ; _c30cm |
||
| 502 | _aThesis (Ph.D.) - Cairo University - Faculty of Science - Department of Physics | ||
| 700 | 0 |
_aM. M. Saad Eldin , _eSupervisor |
|
| 856 | _uhttp://172.23.153.220/th.pdf | ||
| 905 |
_aNazla _eRevisor |
||
| 905 |
_aShimaa _eCataloger |
||
| 942 |
_2ddc _cTH |
||
| 999 |
_c75271 _d75271 |
||